| Tag |
First Indicator |
Second Indicator |
Subfields |
| LEADER |
00000pam a2200000 a 4500 |
| 001 |
in00000092964 |
| 005 |
20150923173433.0 |
| 008 |
820205s1982 nyua b 00110 eng |
| 010 |
|
|
|a 82001543
|
| 020 |
|
|
|a 0824715179
|
| 035 |
|
|
|a (OCoLC)08194755
|
| 035 |
|
|
|9 AAK7980AM
|
| 039 |
0 |
|
|a 2
|b 3
|c 3
|d 3
|e 3
|
| 040 |
|
|
|a DLC
|c DLC
|d UtOrBLW
|
| 049 |
|
|
|a TXAM
|c [1633408]
|
| 050 |
0 |
0 |
|a QA166.8
|b W53 1982
|
| 082 |
0 |
|
|a 511/.6
|2 19
|
| 100 |
1 |
|
|a Wieting, Thomas W.,
|d 1938-
|
| 245 |
1 |
4 |
|a The mathematical theory of chromatic plane ornaments /
|c Thomas W. Wieting.
|
| 264 |
|
1 |
|a New York :
|b Dekker,
|c [1982]
|
| 264 |
|
4 |
|c ©1982
|
| 300 |
|
|
|a vii, 369 pages :
|b illustrations ;
|c 24 cm.
|
| 336 |
|
|
|a text
|b txt
|2 rdacontent
|
| 337 |
|
|
|a unmediated
|b n
|2 rdamedia
|
| 338 |
|
|
|a volume
|b nc
|2 rdacarrier
|
| 490 |
0 |
|
|a Pure and applied mathematics. Monographs and textbooks in pure and applied mathematics ;
|v v. 71
|
| 500 |
|
|
|a Includes index.
|
| 504 |
|
|
|a Bibliography: pages 363-365.
|
| 650 |
|
0 |
|a Tiling (Mathematics)
|
| 650 |
|
0 |
|a Geometry, Plane.
|
| 650 |
|
0 |
|a Decoration and ornament.
|
| 999 |
|
|
|a MARS
|
| 999 |
f |
f |
|s 901336fc-3657-3ce2-b297-4fb7cb77bd5f
|i 896c69bc-4a7d-36c5-8894-a58c3e7f1a79
|t 0
|
| 952 |
f |
f |
|p ric
|a Texas A&M University
|b Rellis Campus
|c Joint Library Facility
|d Remote Storage
|t 0
|e QA166.8 W53 1982
|h Library of Congress classification
|i unmediated -- volume
|m A14806013888
|
| 998 |
f |
f |
|a QA166.8 W53 1982
|t 0
|l Remote Storage
|